01629nam a22002897a 4500999001500000001000600015003000900021005001700030008004100047040002800088082002300116100002800139245023400167250001800401260003900419300004100458500014200499504002000641650003100661700002200692942001200714952011900726952011900845952013700964952011901101952011901220 c1494d149414209BD-DhUAP20200209104117.0200209s2005 ii b 001 0 eng d aHVLcHVLbEngdBD-DhUAP00223 a345.5405 JHA  aJhabvala, Noshirvan H. 14aThe code of criminal procedure,1973 (Act 2 of 1974) :bas amended by the Code of Criminal Procedure (amendment) Act, 2005 & the Criminal Law (Amendment) Act, 2005 /cNoshirvan H. Jhabvala ; edited and revised by H. D. Pithawalla. a22th rev. ed. aBombay :bC. Jamnadas & co.c2005. a263 pages :billustrations ;c24 cm. a"Contains the text of the act with notes, comments, etc., as amended, and brought uptodate and an analytical abstract of the whole code." aIncludes index. 0aCriminal ProcedurezIndia.1 aPithawalla, H. D.002ddccBK 00102ddc4070aUAPCLbUAPCLcGeneral Stacksd2020-02-09o345.5405 JHAp3010014209r2020-02-09t1w2020-02-09yBK 00102ddc4070aUAPCLbUAPCLcGeneral Stacksd2020-02-09o345.5405 JHAp3010014208r2020-02-09t2w2020-02-09yBK 00102ddc4070aUAPCLbUAPCLcGeneral Stacksd2020-02-09l1m1o345.5405 JHAp3010014211r2025-03-04s2025-02-09t3w2020-02-09yBK 00102ddc4070aUAPCLbUAPCLcGeneral Stacksd2020-02-09o345.5405 JHAp3010014210r2020-02-09t4w2020-02-09yBK 00102ddc4070aUAPCLbUAPCLcGeneral Stacksd2020-02-09o345.5405 JHAp3010014212r2020-02-12t5w2020-02-09yBK